|
|
|
|
| LEADER |
00000nam0a2200000 4500 |
| 001 |
274060 |
| 005 |
20231031230211.0 |
| 020 |
|
|
|a RU
|b 87-85289
|
| 035 |
|
|
|a (RuTPU)RU\TPU\book\297270
|
| 090 |
|
|
|a 274060
|
| 100 |
|
|
|a 20141030d1987 m y0rusy5003 ca
|
| 101 |
0 |
|
|a rus
|
| 102 |
|
|
|a RU
|
| 105 |
|
|
|a c z 000zb
|
| 200 |
1 |
|
|a Роса на лотосе. Индира Ганди: мечты и свершения
|f А. В. Горев
|
| 210 |
|
|
|a Москва
|c Политиздат
|d 1987
|
| 215 |
|
|
|a 319 с.
|c ил.
|
| 600 |
|
1 |
|a Ганди
|g Индира
|b И.
|c индийский государственный деятель
|c премьер-министр Индии
|f 1917-1984
|2 stltpush
|3 (RuTPU)RU\TPU\pers\95
|
| 606 |
1 |
|
|a Государственные и политические деятели
|x Персоналии
|2 stltpush
|3 (RuTPU)RU\TPU\subj\68275
|
| 610 |
1 |
|
|a Индия
|
| 610 |
1 |
|
|a история
|
| 610 |
1 |
|
|a биографии
|
| 610 |
1 |
|
|a 20 век
|
| 610 |
1 |
|
|a персоналии
|
| 610 |
1 |
|
|a жизнь
|
| 610 |
1 |
|
|a деятельность
|
| 686 |
|
|
|a Ф3(5Ид)
|2 rubbk
|
| 700 |
|
1 |
|a Горев
|b А. В.
|g Александр Васильевич
|4 070
|
| 801 |
|
0 |
|a RU
|b RuMRKP
|c 19950417
|g psbo
|
| 801 |
|
1 |
|a RU
|b 63413507
|c 20141030
|
| 801 |
|
2 |
|a RU
|b 63413507
|c 20170117
|g RCR
|
| 942 |
|
|
|c BK
|